|
|
|
|
| LEADER |
00000naa2a2200000 4500 |
| 001 |
615181 |
| 005 |
20250506153324.0 |
| 035 |
|
|
|a (RuTPU)RU\TPU\conf\13380
|
| 035 |
|
|
|a RU\TPU\conf\13379
|
| 090 |
|
|
|a 615181
|
| 100 |
|
|
|a 20151028d2015 k y0rusy50 ca
|
| 101 |
0 |
|
|a rus
|
| 102 |
|
|
|a RU
|
| 105 |
|
|
|a y z 101zy
|
| 135 |
|
|
|a drcn ---uucaa
|
| 181 |
|
0 |
|a i
|
| 182 |
|
0 |
|a b
|
| 200 |
1 |
|
|a Моделирование и исследование процесса обработки в воздушной плазме радиационно-загрязненных иловых отложений бассейнов-хранилищ в виде водно-солеорганических композиций
|f А. П. Шеховцова, Е. А. Орешкин, И. Ю. Новосёлов
|g науч. рук. А. Г. Каренгин
|
| 203 |
|
|
|a Текст
|c электронный
|
| 225 |
1 |
|
|a Технологии утилизации и хранения отходов изотопных производств
|
| 300 |
|
|
|a Заглавие с титульного экрана
|
| 320 |
|
|
|a [Библиогр.: с. 36 (4 назв.)]
|
| 337 |
|
|
|a Adobe Reader
|
| 463 |
|
0 |
|0 (RuTPU)RU\TPU\conf\13159
|t Изотопы: технологии, материалы и применение
|o материалы II Международной научной конференции молодых ученых, аспирантов и студентов, г.Томск, 19-23 октября 2015 г.
|f Национальный исследовательский Томский политехнический университет (ТПУ)
|v [С. 36]
|d 2015
|
| 610 |
1 |
|
|a труды учёных ТПУ
|
| 610 |
1 |
|
|a электронный ресурс
|
| 610 |
1 |
|
|a моделирование
|
| 610 |
1 |
|
|a воздушная плазма
|
| 610 |
1 |
|
|a иловые отложения
|
| 610 |
1 |
|
|a бассейны
|
| 610 |
1 |
|
|a радиоактивные отходы
|
| 700 |
|
1 |
|a Шеховцова
|b А. П.
|
| 701 |
|
1 |
|a Орешкин
|b Е. А.
|c специалист в области ядерных технологий
|c инженер-исследователь Томского политехнического университета
|f 1984-
|g Егор Александрович
|3 (RuTPU)RU\TPU\pers\32435
|
| 701 |
|
1 |
|a Новосёлов
|b И. Ю.
|c специалист в области ядерных технологий
|c инженер-исследователь Томского политехнического университета
|f 1989-
|g Иван Юрьевич
|3 (RuTPU)RU\TPU\pers\32434
|
| 702 |
|
1 |
|a Каренгин
|b А. Г.
|c физик
|c доцент Томского политехнического университета, кандидат физико-математических наук
|f 1950-
|g Александр Григорьевич
|4 727
|
| 712 |
0 |
2 |
|a Национальный исследовательский Томский политехнический университет
|c (2009- )
|9 26305
|
| 801 |
|
2 |
|a RU
|b 63413507
|c 20210217
|g RCR
|
| 850 |
|
|
|a 63413507
|
| 856 |
4 |
|
|u http://earchive.tpu.ru/handle/11683/22419
|
| 856 |
4 |
|
|u http://www.lib.tpu.ru/fulltext/c/2015/C84/022.pdf
|
| 942 |
|
|
|c BK
|